[Event "Forni di Sopra Dolomiti 2018"]
[Site "Forni di Sopra"]
[Date "2018.06.09"]
[Round "1.11"]
[White "Djuric, Stefan"]
[Black "Barillaro, Luca"]
[Result "1-0"]
[WhiteElo "2350"]
[BlackElo "2081"]
[Annotator "NA"]
[PlyCount "85"]
[EventDate "2018.??.??"]
[EventType "swiss"]
[EventCountry "ITA"]
[SourceTitle "playchess.com"]
[Source "ChessBase"]
[SourceQuality "1"]
[TimeControl "40/5400+30:1800+30"]

1. e4 {[%emt 0:00:30]} e6 {[%emt 0:01:00]} 2. d4 {[%emt 0:00:00]} d5 {[%emt 0:00:00]} 3. e5 {[%emt 0:00:00]} c5 {[%emt 0:00:00]} 4. c3 {[%emt 0:00:00]} Nc6 {[%emt 0:00:30]} 5. Nf3 {[%emt 0:00:00]} Bd7 {[%emt 0:01:30]} 6. Be3 {[%emt 0:01:30]} Qb6 {[%emt 0:14:30]} 7. Qd2 {[%emt 0:01:30]} Rc8 {[%emt 0:03:30]} 8. Be2 {[%emt 0:04:30] C02: French: Advance Variation} (8. dxc5 Bxc5 9. Bxc5 Qxc5 10. Bd3 f6 11. Qe2 fxe5 12. Nxe5 Nxe5 13. Qxe5 Nf6 14. O-O O-O 15. h3 Rfe8 16. Nd2 Bb5 17. Nb3 Qb6 18. Bxb5 Qxb5 {½-½ (28) Stromboli,E (2311)-Luciani,V (2226) Porto San Giorgio 2017}) 8... cxd4 {[%emt 0:16:30]} 9. cxd4 {[%emt 0:00:30]} Na5 {[%emt 0:03:30]} 10. Nc3 {[%emt 0:00:30]} Nc4 {[%emt 0:02:30]} 11. Bxc4 {[%emt 0:00:30]} Rxc4 {[%emt 0:00:30]} 12. O-O {[%emt 0:00:30]} Bb4 {[%emt 0:03:30]} 13. Rfc1 {[%emt 0:05:30]} Ne7 {[%emt 0:03:30]} 14. a3 {[%emt 0:19:30]} Bxc3 {[%emt 0:00:00]} 15. bxc3 {[%emt 0:00:30]} O-O {[%emt 0:14:00]} 16. Bg5 $146 {[%emt 0:00:30]} f6 {[%emt 0:02:30]} 17. exf6 {[%emt 0:01:30]} gxf6 {[%emt 0:00:30]} 18. Bxf6 {[%emt 0:00:30]} Ng6 {[%emt 0:00:30]} 19. Ne5 {[%emt 0:02:30]} Nxe5 {[%emt 0:03:30]} 20. Bxe5 {[%emt 0:00:30]} Qd8 {[%emt 0:01:30]} 21. Re1 {[%emt 0:00:30]} Qe7 {[%emt 0:02:30]} 22. Re3 {[%emt 0:00:30]} Be8 {[%emt 0:00:30]} 23. Rg3+ {[%emt 0:01:30]} Bg6 {[%emt 0:00:30]} 24. Qh6 {[%emt 0:00:30]} Rf5 {[%emt 0:02:30]} 25. a4 {[%emt 0:11:30]} Kf7 {[%emt 0:09:33]} 26. a5 {[%emt 0:01:30]} Ke8 {[%emt 0:03:25]} 27. Qe3 {[%emt 0:07:30]} Rc6 {[%emt 0:01:59]} 28. Qe2 {[%emt 0:02:30]} Rf7 {[%emt 0:05:11]} 29. Re3 {[%emt 0:00:30]} Qd7 {[%emt 0:02:49]} 30. h4 {[%emt 0:01:30]} Rf8 {[%emt 0:01:33]} 31. h5 {[%emt 0:03:30]} Bf5 {[%emt 0:00:46]} (31... Bf7 {was necessary.} 32. Rf3 Rg8) 32. g4 {[%emt 0:02:30]} Rg8 {[%emt 0:00:09]} 33. Rg3 {[%emt 0:00:30]} Be4 {[%emt 0:00:27]} 34. f3 {[%emt 0:00:30]} Rxc3 {[%emt 0:00:22]} 35. fxe4 {[%emt 0:00:30]} Rxg3+ {[%emt 0:00:55]} 36. Bxg3 {[%emt 0:00:30]} Qg7 {[%emt 0:01:12]} 37. Be5 {[%emt 0:11:30]} Qxg4+ {[%emt 0:00:06]} 38. Qxg4 {[%emt 0:00:00]} Rxg4+ {[%emt 0:00:32]} 39. Kf2 {[%emt 0:00:00]} Rh4 {[%emt 0:00:25]} 40. Rc1 $18 {[%emt 0:00:00]} b6 {[%emt 0:01:36]} 41. Rc8+ {[%emt 0:01:00]} Kd7 {[%emt 0:00:30]} 42. Rc7+ {[%emt 0:00:30]} Kd8 {[%emt 0:00:30]} 43. Rxa7 1-0

[Event "Forni di Sopra Dolomiti 2018"]
[Site "Forni di Sopra"]
[Date "2018.06.09"]
[Round "1.12"]
[White "Battistella, Stefano"]
[Black "Qendro, Llambi"]
[Result "1/2-1/2"]
[WhiteElo "2054"]
[BlackElo "2334"]
[Annotator "NA"]
[PlyCount "21"]
[EventDate "2018.??.??"]
[EventType "swiss"]
[EventCountry "ITA"]
[SourceTitle "playchess.com"]
[Source "ChessBase"]
[SourceQuality "1"]
[TimeControl "40/5400+30:1800+30"]

1. d4 {[%emt 0:00:30]} c6 {[%emt 0:01:00]} 2. e4 {[%emt 0:04:30]} d5 {[%emt 0:04:30]} 3. exd5 {[%emt 0:04:30]} cxd5 {[%emt 0:00:30]} 4. Bd3 {[%emt 0:00:30]} Nc6 {[%emt 0:00:30]} 5. c3 {[%emt 0:00:00]} Nf6 {[%emt 0:00:30]} 6. Bf4 {[%emt 0:02:00]} Bg4 {[%emt 0:04:30]} 7. Qb3 {[%emt 0:09:30]} Na5 {[%emt 0:07:30]} 8. Qa4+ {[%emt 0:02:30]} Bd7 {[%emt 0:06:30]} 9. Qd1 {[%emt 0:00:00]} Bg4 {[%emt 0:00:30]} 10. Qa4+ {[%emt 0:01:00]} Bd7 {[%emt 0:00:30]} 11. Qd1 {[%emt 0:00:00]} 1/2-1/2

[Event "Forni di Sopra Dolomiti 2018"]
[Site "Forni di Sopra"]
[Date "2018.06.10"]
[Round "2.1"]
[White "Djuric, Stefan"]
[Black "Santos Ruiz, Miguel"]
[Result "1/2-1/2"]
[WhiteElo "2350"]
[BlackElo "2527"]
[Annotator "TA"]
[PlyCount "33"]
[EventDate "2018.??.??"]
[EventType "swiss"]
[EventCountry "ITA"]
[SourceTitle "playchess.com"]
[Source "ChessBase"]
[SourceQuality "1"]

{[%evp 12,33,-5,-8,-9,-21,14,-12,1,5,-2,-19,-9,-16,-8,-37,-37,-35,-6,-12,-7,-33,-21,-7]} 1. d4 Nf6 2. c4 e6 3. g3 d5 4. Bg2 Bb4+ 5. Nc3 O-O 6. cxd5 exd5 7. Nf3 {[%cal Bg1f3,Bf3e1,Be1d3][%mdl 32]} Nbd7 {E20: Nimzo-Indian: 4 g3 and 4 f3} (7... c6 8. O-O Re8 9. Bf4 Nbd7 10. Rc1 Bf8 11. a3 a5 12. Qb3 Qb6 13. Qc2 Qa6 14. Rfe1 Nb6 15. Be5 Nbd7 16. Bf4 Nb6 17. Be5 Nbd7 18. Bf4 {½-½ (18) Maze,S (2577)-Laznicka,V (2702) Plovdiv 2012}) 8. O-O Bd6 9. a3 a5 $146 ({Predecessor:} 9... c6 10. Ne1 Re8 11. Nd3 Ne4 12. f3 Nxc3 13. bxc3 {1-0 (23) Djukic,B (2274)-Stavnjak,L (2246) Prijedor 2015}) 10. Ne1 c6 11. Nd3 Qb6 12. Be3 Re8 13. Na4 Qa7 14. Rc1 Nf8 15. Bf4 Be7 16. h3 Ng6 17. Bg5 {Precision: White = 52%, Black = 52%.} 1/2-1/2

[Event "Forni di Sopra Dolomiti 2018"]
[Site "Forni di Sopra"]
[Date "2018.06.10"]
[Round "2.2"]
[White "Lazic, Miroljub"]
[Black "Ceschia, Ivano"]
[Result "0-1"]
[WhiteElo "2506"]
[BlackElo "2325"]
[Annotator "TA"]
[PlyCount "72"]
[EventDate "2018.??.??"]
[EventType "swiss"]
[EventCountry "ITA"]
[SourceTitle "playchess.com"]
[Source "ChessBase"]
[SourceQuality "1"]

{[%evp 20,72,16,0,67,71,66,79,88,83,142,107,125,29,35,8,64,19,23,21,20,21,16,0,0,0,0,-4,0,0,0,3,16,0,76,78,115,0,0,0,0,-30,-39,-60,-77,-64,-49,-280,-280,-265,-268,-268,-264,-345,-254]} 1. g3 c5 2. Bg2 Nc6 3. e4 g6 4. Nc3 Bg7 5. d3 Rb8 6. Be3 d6 7. f4 b5 8. Qd2 b4 9. Nd1 Bd7 10. Nf3 Nf6 {B26: Closed Sicilian: 3 g3, lines with early Be3} (10... Nd4 11. O-O e6 12. e5 Nxf3+ 13. Bxf3 Qb6 14. d4 Ne7 15. dxc5 dxc5 16. Nf2 Bc6 17. Ne4 Bxe4 18. Bxe4 {1-0 (48) Starostits,I (2511)-Burstein,R (2352) Lithuania 2007}) 11. h3 {LiveBook: 6 Games} d5 $146 (11... O-O $11) ({Predecessor:} 11... O-O 12. O-O a5 13. Nf2 a4 14. c4 bxc3 15. bxc3 Qa5 16. Rab1 Nh5 17. g4 Bxc3 18. Qc2 Nf6 19. Rfc1 Nd4 20. Bxd4 cxd4 {0-1 (29) Ventura,S (2105)-Beletic,D (2314) Lignano Sabbiadoro 2017}) 12. exd5 $14 ({Much weaker is} 12. Bxc5 $6 dxe4 13. Ng5 exd3 $15) 12... Nxd5 {White is better.} 13. Bxc5 O-O 14. O-O Qc7 (14... Nc7 $142) 15. d4 Rfd8 16. Nf2 (16. a3 $16) 16... Bf5 $11 17. Rfe1 Nb6 (17... Rb5 $11) 18. g4 Be6 19. Rxe6 fxe6 20. Qe3 Qd7 21. Bxb6 Rxb6 22. c3 bxc3 23. bxc3 Rdb8 24. Nd3 Rb1+ 25. Rxb1 Rxb1+ 26. Kh2 Ra1 (26... Nd8 $1 $11) 27. Qe2 $16 {[%mdl 1024] Hoping for Qb2. White has strong compensation.} Qd6 {[#]} 28. Ng5 ({White has to play} 28. Kg3 $1 $16) 28... Nd8 $11 {next ...Bh6 is good for Black.} 29. Qb2 Rd1 30. Ne4 Qb6 31. Qe2 Ra1 $1 32. Nec5 {Nb3 is the strong threat.} Qb1 33. Nxe6 $2 (33. h4 $15) 33... Rxa2 $19 {Black has a decisive advantage.} 34. Qe4 {[#]} Rxg2+ $1 {[%mdl 512]} 35. Kxg2 (35. Qxg2 Nxe6) 35... Qa2+ 36. Kf3 Qxe6 {Precision: White = 46%, Black = 50%.} 0-1

[Event "Forni di Sopra Dolomiti 2018"]
[Site "Forni di Sopra"]
[Date "2018.06.10"]
[Round "2.3"]
[White "Vezzosi, Paolo"]
[Black "Castellanos Rodriguez, Renier"]
[Result "0-1"]
[WhiteElo "2316"]
[BlackElo "2501"]
[Annotator "TA"]
[PlyCount "64"]
[EventDate "2018.??.??"]
[EventType "swiss"]
[EventCountry "ITA"]
[SourceTitle "playchess.com"]
[Source "ChessBase"]
[SourceQuality "1"]

{[%evp 10,64,10,10,17,21,22,0,5,0,0,-18,-17,-18,-17,-22,-17,-17,-17,-18,-33,-22,-17,-33,-22,-15,-18,-30,-22,-37,-30,-49,-27,-27,-25,-35,-19,-66,-49,-49,-56,-129,-99,-361,-355,-462,-438,-385,-516,-514,-515,-450,-447,-29994,-29995,-29995,-29996]} 1. d4 Nf6 2. Nf3 e6 3. Bf4 b6 4. e3 Bb7 5. Nbd2 d6 6. Bd3 {LiveBook: 30 Games} g6 {A47: 1 d4 Nf6 2 Nf3 b6: Torre, London and Colle Systems} (6... Nbd7 7. Qe2 Qe7 8. Ba6 Bxa6 9. Qxa6 Qd8 10. O-O Be7 11. h3 O-O 12. Bg3 c5 13. a4 Qc8 14. Qxc8 Rfxc8 {0-1 (170) Ju,W (2567)-Zhao,X (2477) Huaian 2017}) 7. O-O Bg7 8. Qe2 $146 ({Predecessor:} 8. c3 Nbd7 9. h3 Qe7 10. Bh2 e5 11. dxe5 dxe5 12. Bc4 O-O 13. Qe2 {0-1 (42) Kharin,M (2137)-Anikonov,D (2388) Kazan 2017}) 8... O-O {The position is equal.} 9. c3 Nbd7 10. e4 e5 11. dxe5 dxe5 12. Be3 ({Avoid the trap} 12. Nxe5 $2 Nh5 $19) 12... a5 13. Rfd1 Qe7 14. Ne1 Nc5 15. Bxc5 Qxc5 16. Bc4 Rad8 17. Nd3 Qe7 18. f3 h5 {[%cal Bh7h5,Bh5h4][%mdl 32]} 19. Nf1 Bh6 20. a3 h4 21. b4 Nh5 22. Ne3 Bf4 23. Nd5 Bxd5 $1 24. Bxd5 Qg5 25. Ra2 (25. Nf2 $15) 25... Kg7 $17 26. Re1 $2 {[%mdl 8192] [#]} (26. Qe1 $17) 26... c6 $1 $19 {[%mdl 512]} 27. Bxc6 {[#]} Bxh2+ $1 {[%mdl 512]} 28. Kxh2 {[#] And now Bd5 would win.} Rxd3 $1 {[%mdl 512]} 29. Qxd3 Qg3+ 30. Kg1 {aiming for Re3.} Qxe1+ 31. Kh2 (31. Qf1 $19 Qxc3 32. Ba4) 31... Ng3 {[%csl Gg3][%cal Re1h1]} 32. Kh3 {[#]} Ne2 $1 {[%mdl 512] Precision: White = 23%, Black = 76%.} 0-1

[Event "Forni di Sopra Dolomiti 2018"]
[Site "Forni di Sopra"]
[Date "2018.06.10"]
[Round "2.4"]
[White "Stella, Andrea"]
[Black "Calzetta Ruiz, Monica"]
[Result "1-0"]
[WhiteElo "2500"]
[BlackElo "2289"]
[Annotator "TA"]
[PlyCount "81"]
[EventDate "2018.??.??"]
[EventType "swiss"]
[EventCountry "ITA"]
[SourceTitle "playchess.com"]
[Source "ChessBase"]
[SourceQuality "1"]

{[%evp 14,81,52,44,42,20,38,0,1,-1,29,43,79,62,95,69,200,184,157,75,138,93,180,176,171,187,170,182,186,154,151,145,160,158,144,165,213,216,297,284,327,324,367,367,360,-15,372,329,373,345,429,408,491,496,509,512,607,588,587,580,563,564,1164,1353,1990,1927,1895,1858,1800,1759]} 1. d4 Nf6 2. c4 c5 3. d5 b5 4. cxb5 a6 5. e3 g6 6. Nc3 Bg7 7. e4 O-O 8. a4 Bb7 {A57: Benko/Volga Gambit} 9. e5 Ne8 $1 10. h4 $146 ({Predecessor:} 10. Nf3 d6 11. Bf4 Nd7 12. exd6 Nxd6 13. bxa6 Bxa6 14. Bxa6 Rxa6 15. O-O Qb6 16. Qe2 {1-0 (68) Edouard,R (2664)-Milliet,S (2421) Cap d'Agde 2012}) 10... Bxe5 {The position is equal.} 11. Bh6 Qa5 12. Rc1 Bg7 13. Qd2 axb5 14. h5 $36 {[%mdl 2048] White fights for an advantage.} Ra6 ({Avoid the trap} 14... bxa4 $2 15. Bxg7 Nxg7 16. hxg6 $16) (14... b4 $1 $14 15. Ne4 b3) 15. Bxb5 Rf6 16. hxg6 ({Better is} 16. Nge2) 16... fxg6 (16... Rxg6 $142 17. Kf1 Nc7) 17. Nf3 {aiming for Bxg7.} R8f7 (17... R6f7 $16) 18. Bxg7 Rxg7 19. Ne4 Qxd2+ 20. Nfxd2 ({Don't take} 20. Nexd2 e6 $16) 20... Rf8 {intending ...d6.} 21. Nxc5 Bxd5 22. O-O Nd6 23. Bxd7 Nxd7 24. Nxd7 Rd8 25. Nb6 Bb7 26. Rfd1 Rf7 27. Ndc4 Rdf8 28. Nxd6 exd6 29. Rc4 $2 {[#]} ({White should try} 29. f3 $18) 29... Rd8 $2 {[%mdl 8192]} (29... Rxf2 $11 30. Rg4 Rxb2 31. Rxd6 Rf7) 30. f3 g5 31. Rcd4 Rf6 32. b4 {[%cal Bb2b4,Bb4b5][%mdl 32]} Kf7 33. Rc4 {White is clearly winning.} Kg6 {and the idea ...d5 leaves Black hopeful.} 34. Rc7 Rf7 35. Rxf7 Kxf7 $18 {[%mdl 4096] Endgame KRB-KRN} 36. b5 d5 37. a5 Rd6 38. Rc1 d4 39. Rc7+ Ke6 40. Rxb7 d3 41. Nc4 {Precision: White = 57%, Black = 28%.} 1-0

[Event "Forni di Sopra Dolomiti 2018"]
[Site "Forni di Sopra"]
[Date "2018.06.10"]
[Round "2.5"]
[White "Di Benedetto, Edoardo"]
[Black "Strikovic, Aleksa"]
[Result "0-1"]
[WhiteElo "2288"]
[BlackElo "2493"]
[Annotator "TA"]
[PlyCount "102"]
[EventDate "2018.??.??"]
[EventType "swiss"]
[EventCountry "ITA"]
[SourceTitle "playchess.com"]
[Source "ChessBase"]
[SourceQuality "1"]

{[%evp 12,102,46,35,53,42,50,39,34,40,43,47,53,14,24,9,26,27,15,12,19,0,6,-29,-27,-12,-21,-14,-19,-19,-10,-10,0,-14,-10,-14,-14,-9,-15,-18,-11,-19,-18,-22,-22,-19,-18,-19,-15,-27,-30,-63,-49,-40,-44,-46,-50,-58,-58,-177,-181,-175,-177,-181,-181,-181,-177,-175,-166,-169,-170,-170,-170,-170,-162,-170,-162,-163,-171,-162,-162,-749,-723,-1541,-1112,-4627,-4627,-4618,-4610,-29987,-29988,-29990,-29991]} 1. e4 d6 2. d4 Nf6 3. Nc3 e5 4. dxe5 dxe5 5. Qxd8+ Kxd8 6. Bc4 Ke8 {B07: Pirc Defence: Miscellaneous Systems} 7. Be3 {LiveBook: 10 Games} (7. f4 Bb4 8. Bd3 Nc6 9. Nf3 Bg4 10. fxe5 Nd7 11. Bf4 Bxf3 12. gxf3 Ncxe5 13. Be2 f6 14. Bd2 {½-½ (56) Sarana,A (2587)-Khismatullin,D (2632) Sochi 2018}) 7... Bd6 8. f3 a6 {White is slightly better.} 9. O-O-O b5 $146 ({Predecessor:} 9... Nbd7 10. Nge2 b5 11. Bb3 Nc5 12. Bxc5 Bxc5 13. Nd5 Nxd5 14. Bxd5 Rb8 15. Bc6+ Ke7 16. Nc3 Be6 17. Nd5+ Bxd5 18. Bxd5 Rhd8 {½-½ (18) Bjerke,S (2186)-Solberg,J (2223) Oslo 2011}) 10. Bb3 Nbd7 11. Nd5 Bb7 12. Ne2 (12. Nxf6+ {with more complications.} Nxf6 13. Ne2 Bc6 14. Nc3 a5 15. a4) 12... Nxd5 13. Bxd5 Bxd5 14. Rxd5 Ke7 15. Rhd1 Rhd8 16. c3 Nf8 17. Bc5 Bxc5 18. Rxc5 Rxd1+ 19. Kxd1 $11 {[%mdl 4096] Endgame KRN-KRN} Nd7 20. Rd5 ({But not} 20. Rxc7 Kd6 $17) 20... c6 21. Rd2 a5 22. Ng3 g6 23. Nf1 Nc5 24. Ne3 h5 25. Kc2 Ke6 26. Nd1 f5 27. Nf2 fxe4 28. Nxe4 Nxe4 29. fxe4 {KR-KR} Rf8 30. Kd3 Rf1 31. Ke3 Re1+ 32. Re2 Ra1 33. a3 a4 34. Rd2 Re1+ 35. Re2 ({Better is} 35. Kf3 $15) 35... Rh1 $19 36. g3 Kd6 $1 37. Rf2 Kc5 38. Kd3 Rd1+ 39. Kc2 Re1 40. Kd3 Rh1 41. Rf6 Rxh2 42. Rxg6 Rxb2 {Threatens to win with ...Rf2.} 43. Re6 Ra2 44. Rxe5+ {[#]} Kb6 $1 45. Rxh5 Rxa3 {...b4 is the strong threat.} 46. e5 $2 (46. Rh8) 46... b4 $1 {[%cal Bb5b4,Bb4b3,Bb3b2][%mdl 32]} 47. Kc4 b3 48. e6 b2 49. Rh1 {[#]} Kc7 $1 ({Not} 49... Ra1 50. e7 $11) 50. Rd1 Ra1 51. e7 Rxd1 {Precision: White = 40%, Black = 83%.} 0-1

[Event "Forni di Sopra Dolomiti 2018"]
[Site "Forni di Sopra"]
[Date "2018.06.10"]
[Round "2.6"]
[White "Rotstein, Arkadij"]
[Black "Dappiano, Andrea"]
[Result "1-0"]
[WhiteElo "2490"]
[BlackElo "2279"]
[Annotator "TA"]
[PlyCount "87"]
[EventDate "2018.??.??"]
[EventType "swiss"]
[EventCountry "ITA"]
[SourceTitle "playchess.com"]
[Source "ChessBase"]
[SourceQuality "1"]

{[%evp 20,87,22,24,31,18,29,12,14,12,20,-11,20,14,15,20,14,7,7,8,12,-8,17,20,156,155,137,129,274,288,262,266,408,408,400,400,399,405,389,241,304,305,306,301,309,277,262,166,456,453,443,426,413,418,658,655,652,637,769,762,753,742,914,901,1011,983,5210,5210,5081,1429]} 1. e4 e6 2. d3 c5 3. Nf3 Nc6 4. g3 d5 5. Qe2 Nf6 6. Bg2 Be7 7. O-O O-O 8. e5 Nd7 9. c4 Nb6 10. b3 {C00: French: Unusual White 2nd moves} a5 11. a4 {LiveBook: 6 Games} Bd7 12. Na3 {White is slightly better.} Nb4 13. Bf4 Bc6 14. Rad1 {[#]} Qc7 $146 ({Predecessor:} 14... Qd7 15. h4 Rad8 16. h5 Nc8 17. h6 g6 {1-0 (42) Ehlvest,J (2599)-Stripunsky,A (2553) New York 2004}) 15. h4 Rad8 16. Nb5 Bxb5 17. axb5 a4 18. bxa4 Nxa4 19. Ra1 $36 {[%mdl 2048] Black is under pressure.} Ra8 20. h5 {[%cal Bh4h5,Bh5h6][%mdl 32]} Rfd8 21. h6 {Strongly threatening hxg7.} dxc4 (21... g6 $11) 22. dxc4 $16 Nc3 23. Qb2 Rxa1 (23... Na4 $16 24. Qb3 Nb6) 24. Rxa1 $18 Nd1 25. Qb3 Qd7 (25... Nxf2 {is a better defense.} 26. Kxf2 Nd3+ 27. Kg1 Nxf4) 26. Bd2 Nxf2 27. Kxf2 Nd3+ 28. Ke2 Nxe5 29. Rd1 ({Less strong is} 29. Nxe5 Qxd2+ 30. Kf1 Qxh6 $14) 29... Ng4 30. Bf4 Qxd1+ 31. Qxd1 Rxd1 32. Kxd1 Nxh6 33. Nd2 b6 $2 {[#]} (33... Ng4 34. Bxb7 e5) 34. Bc7 Nf5 35. Bxb6 Bd6 36. Ke2 Nd4+ (36... Nxg3+ $142 37. Kf2 f5) 37. Kf2 {White is clearly winning.} f5 38. Ba7 e5 39. Bd5+ Kf8 40. b6 {[%cal Bb5b6,Bb6b7][%mdl 32]} e4 41. b7 {[#] aiming for Bxc5.} Nc2 42. Nb3 Nb4 43. Bxc5 Nd3+ 44. Kg2 {Precision: White = 77%, Black = 27%.} 1-0

[Event "Forni di Sopra Dolomiti 2018"]
[Site "Forni di Sopra"]
[Date "2018.06.10"]
[Round "2.7"]
[White "Valenti, Giuseppe"]
[Black "Bellia, Fabrizio"]
[Result "0-1"]
[WhiteElo "2087"]
[BlackElo "2428"]
[Annotator "TA"]
[PlyCount "56"]
[EventDate "2018.??.??"]
[EventType "swiss"]
[EventCountry "ITA"]
[SourceTitle "playchess.com"]
[Source "ChessBase"]
[SourceQuality "1"]

{[%evp 25,56,7,12,-27,0,-7,-5,-16,-21,-15,-20,-36,0,-52,-54,-83,-99,-108,-105,-233,-227,-186,-186,-197,-186,-259,-260,-699,-678,-859,-849,-830,-810]} 1. e4 e5 2. Nf3 Nc6 3. Bb5 a6 4. Ba4 Nf6 5. d3 b5 6. Bb3 Be7 7. O-O O-O 8. Re1 d6 9. c3 Na5 10. Bc2 c5 11. Nbd2 Nc6 12. Nf1 Be6 13. Ng3 {C90: Closed Ruy Lopez with 7...d6: Early deviations} (13. Ne3 h6 14. h3 Re8 15. a4 b4 16. Bb3 Rb8 17. Bc4 Qc8 18. Nh2 bxc3 19. bxc3 Na5 20. Bxe6 fxe6 {½-½ (75) Fressinet,L (2712)-Sargissian,G (2689) Reykjavik 2015}) 13... h6 {LiveBook: 18 Games} 14. d4 cxd4 15. cxd4 {[#] And now d5 would win.The position is equal.} Bg4 {Threatening ...Nxd4.} 16. dxe5 $146 ({Predecessor:} 16. Nf5 Bxf5 17. exf5 Nxd4 18. Nxd4 exd4 19. Qxd4 Rc8 20. Bb3 d5 {½-½ (31) Malik,J (2255)-Biolek,R (2449) Czech Republic 2018}) 16... Nxe5 17. Bf4 Nfd7 {[%cal Bf6d7,Bd7c5,Bc5e6][%mdl 32]} 18. Nf5 Re8 19. N5d4 (19. Bb3 $11) 19... Bf6 $15 20. Rb1 Rc8 21. Bb3 {[#]} Nc5 $1 $36 {[%mdl 2048] Threatens to win with ...Ned3. Black is in control.} 22. Bd5 (22. Bxe5 $17 {was called for.} dxe5 23. h3) 22... Ned3 $19 23. Qd2 {Now Rf1 and White clings on.} Nxe1 24. Rxe1 Ne6 25. Nc6 (25. Bxe6 $142 Bxe6 26. h3) 25... Qd7 26. Rc1 $2 (26. Ncd4) 26... Bxf3 {Black is clearly winning.} 27. gxf3 Nxf4 28. Qxf4 Bg5 {Precision: White = 14%, Black = 82%.} 0-1

[Event "Forni di Sopra Dolomiti 2018"]
[Site "Forni di Sopra"]
[Date "2018.06.10"]
[Round "2.8"]
[White "Faglioni, Isacco"]
[Black "Beshukov, Sergei"]
[Result "0-1"]
[WhiteElo "1925"]
[BlackElo "2402"]
[Annotator "TA"]
[PlyCount "66"]
[EventDate "2018.??.??"]
[EventType "swiss"]
[EventCountry "ITA"]
[SourceTitle "playchess.com"]
[Source "ChessBase"]
[SourceQuality "1"]

{[%evp 15,66,-6,5,-24,-20,-26,1,-4,0,0,0,-26,-20,-52,-33,-58,-52,-52,-58,-58,-54,-49,-52,-75,-75,-75,-76,-76,-77,-75,-67,-198,-186,-275,-263,-254,-263,-264,-258,-262,-274,-250,-263,-413,-405,-409,-407,-397,-378,-532,-532,-498,-459]} 1. Nf3 c5 2. c4 Nc6 3. g3 g6 4. Bg2 Bg7 5. O-O Nh6 6. Nc3 O-O 7. d3 Nf5 8. e3 {A37: Symmetrical English vs ...g6: 4 Bg2 Bg7 5 Nf3} (8. a3 b6 9. Bd2 Bb7 10. Rb1 d6 11. b4 Qd7 12. Ne4 Rab8 13. e3 Ne5 14. Nxe5 Bxe5 15. Qc2 Bg7 {1-0 (47) Efimenko,Z (2696)-Evdokimov,A (2558) Moscow 2013}) 8... e6 {LiveBook: 9 Games} 9. Nd2 $146 ({Predecessor:} 9. a3 d5 10. Qe2 b6 11. Nd2 Nfe7 12. Rb1 Bb7 13. Na4 a5 14. b3 Qc7 15. Bb2 d4 16. e4 {0-1 (59) Wallner,J (2380)-Kilgus,G (2400) Vienna 2012}) 9... Rb8 10. a3 {The position is equal.} a6 11. Qc2 Nfe7 12. Rb1 b5 {[%cal Bb7b5,Bb5b4][%mdl 32]} 13. Nce4 d6 14. b3 f5 15. Ng5 b4 $36 {[%mdl 2048] Black fights for an advantage.} 16. a4 h6 17. Ngf3 Bb7 18. Bb2 e5 19. Rbd1 Qe8 20. Ne1 g5 21. Bd5+ Kh7 22. Ng2 Qh5 23. f4 ({White should try} 23. Rde1 $15) 23... exf4 $1 $19 24. gxf4 {[#]} (24. Bf3 $142 Qh3 25. gxf4) 24... Bxb2 $1 25. Qxb2 Nxd5 26. cxd5 Ne7 {[%cal Bc6e7,Be7g6,Bg6e5][%mdl 32]} 27. e4 {[#]} fxe4 $1 28. dxe4 gxf4 29. Rf3 (29. Nf3 {keeps fighting.}) 29... Ng6 30. Rdf1 Ne5 31. Rxf4 Rxf4 32. Nxf4 (32. Rxf4 $142 Rg8 33. Nc4) 32... Qg4+ 33. Kh1 Rf8 {Precision: White = 42%, Black = 85%.} 0-1

[Event "Forni di Sopra Dolomiti 2018"]
[Site "Forni di Sopra"]
[Date "2018.06.10"]
[Round "2.9"]
[White "Bryzgalin, Kirill"]
[Black "Battistella, Stefano"]
[Result "1-0"]
[WhiteElo "2427"]
[BlackElo "2054"]
[Annotator "TA"]
[PlyCount "95"]
[EventDate "2018.??.??"]
[EventType "swiss"]
[EventCountry "ITA"]
[SourceTitle "playchess.com"]
[Source "ChessBase"]
[SourceQuality "1"]

{[%evp 14,95,44,36,32,35,31,40,29,31,40,33,43,41,44,40,28,29,44,45,51,31,56,44,35,38,61,41,39,39,35,38,39,27,56,31,63,65,57,48,56,27,68,70,63,62,111,62,66,50,41,56,66,47,47,47,58,64,70,17,75,81,91,0,54,55,67,60,98,61,67,54,61,60,74,0,71,0,0,0,593,586,1080,1032]} 1. c4 g6 2. d4 Bg7 3. Nc3 d6 4. Nf3 Bg4 5. e3 c5 6. Be2 cxd4 7. exd4 Nc6 8. Be3 Nh6 {[%cal Bg8h6,Bh6f5,Bf5d4][%mdl 32] A35: Symmetrical English: 2 Nc3 Nc6 3 Nf3} 9. d5 Bxf3 $1 10. Bxf3 Ne5 {White is slightly better.} 11. Be2 Nf5 12. Bd2 Nd4 (12... h5 13. O-O Qb6 14. b3 a6 15. Rc1 Qd4 16. Qc2 {0-1 (63) Sumets,A (2577)-Onischuk,V (2614) Lvov 2016}) 13. O-O O-O 14. Re1 Nxe2+ 15. Qxe2 Rc8 $146 ({Predecessor:} 15... Re8 16. Ne4 {0-1 (50) Giemsa,S (2290)-Niesel,M (2235) Germany 2000}) 16. b3 Re8 17. h3 Qb6 18. Rad1 Qa5 19. Rc1 Qb6 20. Nb5 a6 21. Be3 Qa5 22. Nd4 Nd7 23. Rb1 Qc7 24. Rec1 e5 25. dxe6 $1 fxe6 26. Nf3 Nc5 27. Nd2 e5 28. Bxc5 dxc5 29. Ne4 Rcd8 30. Rc3 Rd4 31. h4 Qc6 32. Re1 Rf8 33. g3 b6 34. a4 a5 35. Re3 Rfd8 36. h5 (36. Nc3 $14) 36... Rf8 (36... Bh6 $11 {remains equal.}) 37. hxg6 hxg6 38. Ng5 ({Better is} 38. Nc3 $16) 38... Rf5 ({Black should play} 38... Qf6 $11 39. Ne4 Qf7) 39. Nf3 $14 Rh5 40. Re4 Rd8 41. Kg2 Rf5 42. Rc1 Rdf8 43. Rc3 g5 {[#] Hoping for ...g4!} 44. Rd3 (44. Rce3 $16) 44... Qg6 (44... Qh6 $1 $11 {keeps the balance.}) 45. Rg4 (45. Rde3 $16) 45... Qh5 46. Qe4 Rf4 $2 {[%mdl 8192]} (46... R8f7 $11 {and Black has nothing to worry.}) 47. Qd5+ $18 Kh8 48. Rxg5 {Precision: White = 47%, Black = 41%.} 1-0